| Поле | Название | Значение |
| |
Тип записи |
a |
| |
Библиографический уровень |
m |
| 001 |
Контрольный номер |
RU/SLIB/B/208738475 |
| 005 |
Дата корректировки |
20221215162858.5 |
| 010 |
Индекс ISBN |
__ |
| a |
ISBN |
5-8192-0085-3 |
| d |
Цена |
114-50 |
| 101 |
Язык документа |
0_ |
| a |
Язык текста |
rus |
| c |
Язык оригинала |
rus |
| 200 |
Заглавие и сведения об ответственности |
1_ |
| a |
Заглавие |
Русские писатели. Поэты |
| e |
Сведения, относящиеся к заглавию |
(советский период) : библиогр. указ. |
| f |
Первые сведения об ответственности |
сост.: Д. Б. Азиатцев [и др.] ; ред. тома: М. А. Бенина, Н. Г. Захаренко, И. В. Ханукаева |
| b |
Общее обозначение материала |
Текст |
| h |
Номер части |
Вып. 24 |
| i |
Наименование части |
В. Соколов - А. Сурков |
| 210 |
Выходные данные |
1_ |
| a |
Место издания |
СПб. |
| c |
Издательство |
Изд-во Рос. нац. б-ки |
| d |
Дата издания |
2001 |
| 215 |
Физическое описание |
__ |
| a |
Объем |
544 с. |
| 320 |
Библиография |
__ |
| a |
Библиография |
Им. указ.: с. 500-542 |
| 330 |
Аннотация |
__ |
| a |
Аннотация |
Сведения о восьми поэтах. Хорологические рамки тома 1912-1999 гг., учтены более поздние материалы за 2000 г. |
| 517 |
Другие варианты заглавия |
1_ |
| a |
Другие варианты заглавия |
Поэты (советский период) |
| 600 |
Персоналии |
_1 |
| a |
Персоналии (Фамилия) |
Соколов, В. Н. |
| 600 |
Персоналии |
_1 |
| a |
Персоналии (Фамилия) |
Спасский, С. Д. |
| 600 |
Персоналии |
_1 |
| a |
Персоналии (Фамилия) |
Старшинов, Н. К. |
| 600 |
Персоналии |
_1 |
| a |
Персоналии (Фамилия) |
Стрельченко, В. К. |
| 600 |
Персоналии |
_1 |
| a |
Персоналии (Фамилия) |
Стюарт, Е. К. |
| 600 |
Персоналии |
_1 |
| a |
Персоналии (Фамилия) |
Суворов, Г. К. |
| 600 |
Персоналии |
_1 |
| a |
Персоналии (Фамилия) |
Сурков, А. А. |
| 606 |
Тематические рубрики |
__ |
| a |
Основная рубрика |
Литература универсального содержания |
| 606 |
Тематические рубрики |
__ |
| a |
Основная рубрика |
Библиографические пособия |
| 606 |
Тематические рубрики |
__ |
| a |
Основная рубрика |
Литературоведение |
| z |
Хронологическая подрубрика |
1912-2000 гг.; 20 в. |
| 606 |
Тематические рубрики |
__ |
| a |
Основная рубрика |
Русская литература XX в. |
| 610 |
Ключевые слова |
0_ |
| a |
Ключевые слова |
советская литература; поэты; поэтессы; прозаики; библиография; персоналии; библиографическая информация; библиографические записи; библиографические данные |
| 686 |
Индексы других классификаций |
__ |
| a |
Классификационный индекс |
91.9:83 |
| 686 |
Индексы других классификаций |
__ |
| a |
Классификационный индекс |
83.3(2Рос=Рус)6я1; ст91.9:83 + ст83.3(2Рос=Рус)6я1 |
| 702 |
Вторичная интеллектуальная ответственность |
_1 |
| a |
Фамилия |
Азиатцев |
| b |
Имя |
Д. Б. |
| 4 |
Код отношения |
Составитель |
| 4 |
Код отношения |
220 |
| 702 |
Вторичная интеллектуальная ответственность |
_1 |
| a |
Фамилия |
Бенина |
| b |
Имя |
М. А. |
| 4 |
Код отношения |
Составитель |
| 4 |
Код отношения |
340 |
| 702 |
Вторичная интеллектуальная ответственность |
_1 |
| a |
Фамилия |
Захаренко |
| b |
Имя |
Н. Г. |
| 4 |
Код отношения |
Составитель |
| 4 |
Код отношения |
340 |
| 702 |
Вторичная интеллектуальная ответственность |
_1 |
| a |
Фамилия |
Ханукаева |
| b |
Имя |
И. В. |
| 4 |
Код отношения |
Составитель |
| 4 |
Код отношения |
340 |
| 801 |
Источник записи |
_0 |
| a |
Страна |
RU |
| b |
Организация |
Муниципальное бюджетное учреждение культуры "Централизованная библиотечная система" г. Сургут (Центральная городская библиотека им. А. С. Пушкина) |
| g |
Правила каталогизации |
КиК/Поспелова |
| 801 |
Источник записи |
_1 |
| a |
Страна |
RU |
| b |
Организация |
Муниципальное бюджетное учреждение культуры "Централизованная библиотечная система" г. Сургут (Центральная городская библиотека им. А. С. Пушкина) |
| g |
Правила каталогизации |
КиК/Поспелова |
| 852 |
Данные о местонахождении |
__ |
| j |
Шифр хранения |
91.9:83 |
| i |
Авторский знак |
Р 89 |
| 901 |
Тип документа |
__ |
| t |
Тип документа |
m |
| 903 |
Характеристики (МАРС) |
__ |
| a |
Дата передачи |
20030602 |
| 969 |
Тип издания |
__ |
| a |
Тип издания |
библиографический указатель |
| 990 |
Данные о заказе (DOS) |
__ |
| j |
Количество экземпляров (DOS) |
5 |
| t |
N записи в КСУ для И/У (DOS) |
200306 |